Top 65 Marvel Comics Characters (allegedly) Quiz Stats

Quiz not verified by Sporcle

Challenge
Share
Tweet
Embed
Score 0/65 Timer 10:00
0 Plays Today
Rank Character % Correct
2Spider-Man
95.3%
1Captain America
94.5%
4Wolverine
94.3%
9Iron Man
94.3%
8Hulk
92.7%
7Thor
92.1%
15Cyclops
86.2%
3Magneto
84%
48Hawkeye
82.6%
64Thing
82.6%
36Human Torch
81.8%
32Beast
79.8%
44Black Widow
79.8%
24Storm
79.6%
21Jean Grey
79.4%
37Iceman
74.5%
50Invisible Woman
73.7%
5Daredevil
73.5%
29Rogue
72.9%
11Dr. Doom
70.9%
25Colossus
70%
6Deadpool
69.4%
26Hank Pym
69%
54Loki
68.8%
10Gambit
68.6%
23Nightcrawler
68.4%
13Norman Osborn
66.2%
16Venom
65.4%
27Kitty Pryde
64.8%
46Dr. Strange
63.4%
39Punisher
60.5%
18Silver Surfer
59.3%
22Carol Danvers
58.3%
Rank Character % Correct
61She Hulk
57.5%
51Iron Fist
56.5%
45Cable
54.9%
59Sabretooth
53.2%
12Emma Frost
52.6%
52Ghost Rider
50.4%
63Thanos
47.4%
17Psylocke
47.2%
53Jubilee
46.6%
34Elektra
46.4%
56Captain Marvel
44.1%
40Rachel Grey
43.7%
31Apocalypse
42.9%
19X-23
36%
20Hercules
33.4%
28Nova
31.8%
43Black Bolt
31.6%
33Bullseye
28.5%
14Black Cat
28.1%
41Sentry
23.9%
55Magik
23.5%
47Domino
21.1%
38Multiple Man
18.8%
57Northstar
13%
58Omega Red
11.1%
65Wiccan
8.1%
62Siryn
7.5%
30Taskmaster
6.7%
42Big Bertha
5.5%
35Hellion
3.4%
49Hollow
2.8%
60Selene
2.4%

You're not logged in!

Compare scores with friends on all Sporcle quizzes.
Sign Up with Email
OR
Log In

You Might Also Like...

Show Comments

Extras

Top Quizzes Today


Score Distribution

Your Account Isn't Verified!

In order to create a playlist on Sporcle, you need to verify the email address you used during registration. Go to your Sporcle Settings to finish the process.